000 00689nam a2200181 a 4500
003 0
005 20250408122632.0
008 071122s19uu xx 00 eng d
050 _aPHS BL 625.7
_b.K56 2007
100 _aKim, Min Jeong.
245 _aEffect of having different religion between parents and children on the behavior and attitude of the children /
_cMin Jeong Kim.
260 _aLas PiƱas City, Philippines :
_bSouthville International School and Colleges,
_c2007.
300 _a34 pages :
_billustrations ;
_c28 cm.
504 _aIncludes bibliographical references.
650 _aReligion and family.
650 _aParent and child
_xReligious aspects.
942 _2lcc
_cPASS
999 _c97842
_d97842